=LDR 00000nam 2200000 4500 =001 INLIS000000000810483 =005 20260202103553 =035 ##$$a 0010-0126000025 =007 ta =008 260202###########################0#ara## =082 ##$$a 297.072 =084 ##$$a 297.072 FAD a =100 #$$a Surya Fadhillah Ramadhan =245 1#$$a al adab al karim sabab li hushul barakat al ilmi /$c Ustadz Milzam Priambodo =260 ##$:$b PIAT 7,$c 2025 =300 ##$$a 18 hlm ; $c 21 x 29,7 cm. =990 ##$$a 00000005246